00380nam a2200145Ia 4500008004100000020001500041041001200056100001600068245006300084250000800147260003900155300000800194650001600202700001600218221030s9999 xx 000 0 und d a8177587654 aEnglish aD. D. Hearn 0aComputer Graphics : C Versioncby D. D. Hearn, M. P. Baker a2nd bPearson EdcuationaNew Delhic2014 a660 aBB Computer aM. P. Baker